=LDR 00000nam 2200000 4500 =001 INLIS000000000014206 =005 20250602024729 =035 ##$$a 0010-061300000014206 =008 250602################g##########0#ind## =041 ##$$a Ind =082 ##$$a 813 =090 ##$$a F 813, Dar s =100 ##$$a Darsan =245 1#$$a Sang pewaris, /$c Darsan =260 ##$:$b (s.l),$c 1997 =300 ##$$a vii, 130 hlm : $b ilus ; $c 20 x 14 cm =650 #4$$a Fiksi Indonesia =850 ##$$a NBPNMAT =020 ##$$a 979-507-177-7 =084 ##$$a 813 DAR s =990 ##$$a 08610861 =990 ##$$a 30502272